[Event "4. Torneo Internacional A.D. San Juan"]
[Site "Pamplona ESP"]
[Date "2010.08.01"]
[Round "9.1"]
[White "Vazquez Igarza, Renier"]
[Black "Bruzon Batista, Lazaro"]
[Result "1/2-1/2"]
[WhiteElo "2527"]
[BlackElo "2653"]
[PlyCount "20"]
[EventDate "2010.07.26"]
[EventType "swiss"]
[EventRounds "9"]
[EventCountry "ESP"]
[Source "lmi"]
[SourceDate "2010.07.26"]

1. d4 Nf6 2. c4 e6 3. Nf3 c5 4. e3 d5 5. Nc3 a6 6. a3 Nc6 7. dxc5 Bxc5 8. b4
Ba7 9. Bb2 O-O 10. Be2 dxc4 1/2-1/2

[Event "4. Torneo Internacional A.D. San Juan"]
[Site "Pamplona ESP"]
[Date "2010.08.01"]
[Round "9.2"]
[White "Vera Gonzalez-Quevedo, Reynaldo"]
[Black "Almeida Quintana, Omar"]
[Result "1/2-1/2"]
[WhiteElo "2513"]
[BlackElo "2559"]
[PlyCount "28"]
[EventDate "2010.07.26"]
[EventType "swiss"]
[EventRounds "9"]
[EventCountry "ESP"]
[Source "lmi"]
[SourceDate "2010.07.26"]

1. Nf3 Nf6 2. d4 d5 3. c4 c6 4. cxd5 cxd5 5. Nc3 Nc6 6. Bf4 Bf5 7. e3 e6 8. Bd3
Bxd3 9. Qxd3 Bd6 10. Bg3 O-O 11. O-O Rc8 12. Rfc1 Bxg3 13. hxg3 Qd6 14. a3 Na5
1/2-1/2

[Event "4. Torneo Internacional A.D. San Juan"]
[Site "Pamplona ESP"]
[Date "2010.08.01"]
[Round "9.3"]
[White "Oleksienko, Mikhailo"]
[Black "Epishin, Vladimir"]
[Result "1-0"]
[WhiteElo "2548"]
[BlackElo "2598"]
[PlyCount "77"]
[EventDate "2010.07.26"]
[EventType "swiss"]
[EventRounds "9"]
[EventCountry "ESP"]
[Source "lmi"]
[SourceDate "2010.07.26"]

1. e4 c6 2. d4 d5 3. e5 Bf5 4. Nd2 e6 5. Nb3 Ne7 6. Nf3 Nc8 7. Be2 Be7 8. O-O
O-O 9. a4 Nd7 10. a5 Bg6 11. Be3 f5 12. Ne1 f4 13. Bd2 Bg5 14. Nd3 Rf7 15. Bg4
Qe7 16. Qf3 h5 17. Bxh5 Bxh5 18. Qxh5 Rf5 19. Qg4 Qf7 20. g3 c5 21. Nbxc5 Nxc5
22. dxc5 Ne7 23. Bxf4 Bxf4 24. Nxf4 Rf8 25. Nd3 g5 26. h4 Ng6 27. hxg5 Nxe5 28.
Nxe5 Rxe5 29. f4 Rf5 30. Qe2 e5 31. fxe5 Qe7 32. Rxf5 Rxf5 33. e6 Qxc5+ 34. Kg2
Qe7 35. Rf1 Rxg5 36. Rf7 Qd6 37. Qd3 Rg7 38. Rxg7+ Kxg7 39. Qf5 1-0

[Event "4. Torneo Internacional A.D. San Juan"]
[Site "Pamplona ESP"]
[Date "2010.08.01"]
[Round "9.4"]
[White "Pavlovic, Milos M"]
[Black "Konguvel, Ponnuswamy"]
[Result "1/2-1/2"]
[WhiteElo "2483"]
[BlackElo "2416"]
[PlyCount "83"]
[EventDate "2010.07.26"]
[EventType "swiss"]
[EventRounds "9"]
[EventCountry "ESP"]
[Source "lmi"]
[SourceDate "2010.07.26"]

1. e4 c5 2. Nf3 d6 3. d4 cxd4 4. Nxd4 Nf6 5. Nc3 g6 6. Be3 Bg7 7. f3 O-O 8. Qd2
Nc6 9. O-O-O d5 10. exd5 Nxd5 11. Nxc6 bxc6 12. Bd4 Bxd4 13. Qxd4 Qb6 14. Na4
Qa5 15. b3 Qc7 16. Bc4 Rd8 17. g4 Be6 18. Nc5 Nf4 19. Nxe6 Nxe6 20. Qe3 Nf4 21.
Rxd8+ Rxd8 22. Re1 e6 23. Qe5 Qxe5 24. Rxe5 Nd5 25. Kb2 Kg7 26. Re4 Kf6 27. Bd3
c5 28. Rc4 Rc8 29. a3 h6 30. h4 g5 31. h5 Ke5 32. Re4+ Kd6 33. c4 Nf4 34. Bc2
f5 35. Re1 fxg4 36. fxg4 a5 37. Kc3 Rf8 38. b4 axb4+ 39. axb4 cxb4+ 40. Kxb4
Rb8+ 41. Kc3 Rc8 42. Kb4 1/2-1/2

[Event "4. Torneo Internacional A.D. San Juan"]
[Site "Pamplona ESP"]
[Date "2010.08.01"]
[Round "9.5"]
[White "Delchev, Aleksander"]
[Black "Ipatov, Alexander"]
[Result "1-0"]
[WhiteElo "2632"]
[BlackElo "2507"]
[PlyCount "159"]
[EventDate "2010.07.26"]
[EventType "swiss"]
[EventRounds "9"]
[EventCountry "ESP"]
[Source "lmi"]
[SourceDate "2010.07.26"]

1. d4 Nf6 2. c4 g6 3. Nc3 d5 4. Qb3 c6 5. Bf4 Bg7 6. e3 O-O 7. Nf3 Qb6 8. h3
Be6 9. c5 Qxb3 10. axb3 Nbd7 11. b4 a6 12. Nd2 Nh5 13. Bh2 f5 14. Be2 Ndf6 15.
Nb3 Rae8 16. Be5 Bc8 17. Rg1 Ne4 18. Bxh5 gxh5 19. Ne2 Bh6 20. Nbc1 Kf7 21. Nd3
Rg8 22. Bf4 Bxf4 23. Nexf4 h4 24. Ne5+ Kf6 25. Nf3 Ng5 26. Ke2 Nxf3 27. gxf3
Ref8 28. Kd3 e5 29. Nh5+ Ke6 30. dxe5 Kxe5 31. Rae1 Bd7 32. Kc2 Rb8 33. Nf4 Kf6
34. Ra1 Be6 35. Rgd1 Bf7 36. Kc3 Rg5 37. Kd3 Rbg8 38. Ke2 R5g7 39. Rd4 Rg1 40.
Rf1 R1g5 41. Nd3 Rh5 42. Rh1 Rh6 43. Kf1 Be6 44. Nf4 Ra8 45. Ke2 Rg8 46. Rdd1
Bf7 47. Rhg1 Re8 48. Rd4 Ra8 49. Rdd1 Re8 50. Rg2 Ra8 51. Kd3 Ke5 52. Kc2 Kf6
53. Rdg1 Ra7 54. Kd3 Ke5 55. Ne2 Rg6 56. Nd4 Kf6 57. Rxg6+ hxg6 58. f4 Ra8 59.
Kc2 Rg8 60. Rg5 Ra8 61. Rg1 Rg8 62. Kb3 g5 63. fxg5+ Rxg5 64. Rxg5 Kxg5 65. f4+
Kf6 66. Ka4 Bh5 67. Ka5 Bg4 68. Kb6 Bxh3 69. Nf3 d4 70. exd4 Bf1 71. Nxh4 Ke6
72. d5+ Kxd5 73. Nxf5 Ke6 74. Nd6 Be2 75. Nxb7 Kf5 76. Kxc6 Kxf4 77. Kb6 Ke5
78. c6 Kd5 79. Nc5 Bg4 80. Nxa6 1-0

[Event "4. Torneo Internacional A.D. San Juan"]
[Site "Pamplona ESP"]
[Date "2010.08.01"]
[Round "9.6"]
[White "Cori, Jorge"]
[Black "Balogh, Csaba"]
[Result "1-0"]
[WhiteElo "2486"]
[BlackElo "2628"]
[PlyCount "103"]
[EventDate "2010.07.26"]
[EventType "swiss"]
[EventRounds "9"]
[EventCountry "ESP"]
[Source "lmi"]
[SourceDate "2010.07.26"]

1. d4 d5 2. Nf3 Nf6 3. e3 Bf5 4. c4 c6 5. Nc3 e6 6. Nh4 Be4 7. f3 Bg6 8. Qb3
Qc7 9. Nxg6 hxg6 10. Bd2 Be7 11. cxd5 Nxd5 12. O-O-O Nxc3 13. Bxc3 Nd7 14. e4
a5 15. d5 e5 16. Qc2 Bb4 17. dxc6 bxc6 18. a3 Bxc3 19. Qxc3 O-O 20. Bc4 Nb6 21.
Rd2 Rfd8 22. Rhd1 Rxd2 23. Rxd2 Nxc4 24. Qxc4 Qb6 25. Kb1 Rb8 26. Rc2 Rd8 27.
Ka2 Qg1 28. Qxc6 Kh7 29. Qc5 Qxh2 30. Qxa5 Rd1 31. Qc5 Qf4 32. b4 Qf6 33. Qc6
Qe7 34. b5 Rd3 35. Rc3 Rd2+ 36. Kb3 Rd1 37. Qc5 Qe6+ 38. Kb4 Rb1+ 39. Ka5 Qe8
40. Qc6 Qd8+ 41. b6 Qd4 42. Rc5 Qd2+ 43. Ka6 Qd3+ 44. Kb7 Qxa3 45. Kc8 Qb3 46.
b7 f6 47. Rd5 Rb2 48. Qc7 Qa4 49. Rd7 Qa6 50. Rxg7+ Kh6 51. Rh7+ Kg5 52. Qc1+
1-0

[Event "4. Torneo Internacional A.D. San Juan"]
[Site "Pamplona ESP"]
[Date "2010.08.01"]
[Round "9.7"]
[White "Alvarez Pedraza, Aramis"]
[Black "Paunovic, Dragan"]
[Result "1/2-1/2"]
[WhiteElo "2496"]
[BlackElo "2553"]
[PlyCount "73"]
[EventDate "2010.07.26"]
[EventType "swiss"]
[EventRounds "9"]
[EventCountry "ESP"]
[Source "lmi"]
[SourceDate "2010.07.26"]

1. d4 d6 2. g3 Nf6 3. Bg2 g6 4. e4 Bg7 5. Nc3 O-O 6. Nge2 e5 7. h3 c6 8. a4 a5
9. O-O Na6 10. Be3 Nb4 11. Qd2 Re8 12. Rad1 exd4 13. Bxd4 Be6 14. f4 Bc4 15.
Rf2 d5 16. exd5 Nbxd5 17. Nxd5 Bxd5 18. Nc3 Bxg2 19. Kxg2 Qe7 20. Re2 Qb4 21.
Rxe8+ Rxe8 22. Be5 h5 23. Qd4 Re6 24. b3 Ne8 25. Qxb4 axb4 26. Na2 Bxe5 27.
fxe5 Rxe5 28. Nxb4 c5 29. Rd5 Re4 30. Nd3 Re2+ 31. Kf3 Rxc2 32. Rxc5 Rd2 33.
Nf4 Kf8 34. Ra5 Ra2 35. b4 Nd6 36. Rc5 Ke7 37. a5 1/2-1/2

[Event "4. Torneo Internacional A.D. San Juan"]
[Site "Pamplona ESP"]
[Date "2010.08.01"]
[Round "9.8"]
[White "Mogranzini, Roberto"]
[Black "Shchekachev, Andrei"]
[Result "0-1"]
[WhiteElo "2387"]
[BlackElo "2546"]
[PlyCount "110"]
[EventDate "2010.07.26"]
[EventType "swiss"]
[EventRounds "9"]
[EventCountry "ESP"]
[Source "lmi"]
[SourceDate "2010.07.26"]

1. c4 g6 2. g3 c5 3. Bg2 Bg7 4. Nc3 Nc6 5. a3 d6 6. Rb1 e6 7. e4 Nge7 8. Nge2
b6 9. d3 Bb7 10. b4 Qd7 11. O-O O-O 12. Be3 Nd4 13. Qd2 Nec6 14. Bh6 Ne5 15.
Nxd4 Bxh6 16. Qxh6 cxd4 17. Ne2 Nxd3 18. Nxd4 Ne5 19. Rbd1 Rac8 20. h3 Nxc4 21.
h4 Qe7 22. h5 e5 23. Nf3 Qf6 24. hxg6 hxg6 25. Ng5 Qh8 26. Qxh8+ Kxh8 27. Bh3
Rc7 28. Rfe1 Nxa3 29. Rxd6 Nb5 30. Rd3 Nd4 31. f4 Ba6 32. Rd2 Rc3 33. Kh2 Nc6
34. f5 Nd4 35. f6 Kg8 36. Bg4 Bc8 37. Kh3 Rd8 38. Rh1 Rc2 39. Rxc2 Nxc2 40.
Bxc8 Rxc8 41. Nf3 Rc6 42. b5 Rxf6 43. Nxe5 Na3 44. Ng4 Re6 45. e5 Nxb5 46. Kg2
Kg7 47. Kf3 Nd4+ 48. Kf4 Nc6 49. Rb1 Re7 50. Rc1 Nd4 51. Rc8 Ne6+ 52. Kf3 Nc5
53. Kf4 Nd3+ 54. Ke4 Nxe5 55. Nxe5 f6 0-1

[Event "4. Torneo Internacional A.D. San Juan"]
[Site "Pamplona ESP"]
[Date "2010.08.01"]
[Round "9.9"]
[White "Fierro Baquero, Martha L"]
[Black "Nanu, Ciprian-Costica"]
[Result "1/2-1/2"]
[WhiteElo "2372"]
[BlackElo "2515"]
[PlyCount "110"]
[EventDate "2010.07.26"]
[EventType "swiss"]
[EventRounds "9"]
[EventCountry "ESP"]
[Source "lmi"]
[SourceDate "2010.07.26"]

1. e4 c5 2. Nf3 Nc6 3. Bb5 e6 4. O-O Nge7 5. Re1 Ng6 6. c3 Be7 7. d4 cxd4 8.
cxd4 d5 9. e5 O-O 10. Nc3 Qb6 11. Bf1 f6 12. Na4 Qd8 13. exf6 Bxf6 14. Nc3 Qb6
15. Na4 Qb4 16. Be3 Qd6 17. Rc1 Bd8 18. a3 Nce7 19. Bg5 b6 20. Nc3 a6 21. g3 b5
22. Bg2 Bb6 23. Ne2 Bd7 24. h4 h6 25. Bd2 Nc6 26. h5 Nh8 27. Bf4 Qe7 28. Ne5
Nxe5 29. Bxe5 Nf7 30. Bc7 Ba7 31. Qd2 Ng5 32. Nf4 Qf6 33. Be5 Qf5 34. Rc7 Rf7
35. Qc2 Qg4 36. Qe2 Qxe2 37. Rxe2 Bb8 38. Rc1 Bxe5 39. Rxe5 Rc8 40. Ree1 Rc4
41. Red1 Rf8 42. b3 Rxc1 43. Rxc1 Rc8 44. Rxc8+ Bxc8 45. Kf1 Kf7 46. Ke2 Ke7
47. Ke3 Nf7 48. Nd3 Nd8 49. Ne1 Nb7 50. Bf3 Na5 51. Bd1 Bd7 52. Bc2 Be8 53. g4
Nb7 54. Bd3 Na5 55. Bc2 Nb7 1/2-1/2

[Event "4. Torneo Internacional A.D. San Juan"]
[Site "Pamplona ESP"]
[Date "2010.08.01"]
[Round "9.10"]
[White "Ninov, Nikolai"]
[Black "Fernandez Garcia, Jose Luis"]
[Result "1-0"]
[WhiteElo "2512"]
[BlackElo "2435"]
[PlyCount "47"]
[EventDate "2010.07.26"]
[EventType "swiss"]
[EventRounds "9"]
[EventCountry "ESP"]
[Source "lmi"]
[SourceDate "2010.07.26"]

1. e4 e5 2. Nf3 Nc6 3. Bc4 Nf6 4. Ng5 d5 5. exd5 Na5 6. Bb5+ c6 7. dxc6 bxc6 8.
Qf3 Be7 9. Ba4 O-O 10. O-O Ng4 11. b4 Bxg5 12. bxa5 e4 13. Qxe4 Qd6 14. g3 Rb8
15. Ba3 c5 16. Qc6 Qxc6 17. Bxc6 Bf6 18. Nc3 Bd4 19. Rab1 Rxb1 20. Rxb1 Ne5 21.
Bd5 Be6 22. Bxe6 fxe6 23. Ne4 Nf3+ 24. Kh1 1-0